Eski Uygur Türkçesi dönemine ait tantrik bir metin : (Record no. 15690)

MARC details
000 -BAŞLIK
Sabit Uzunlukta Kontrol Alanı 00849nam a22002297a 4500
999 ## - SİSTEM KONTROL NUMARALARI (KOHA)
Koha Biblionumber 15690
Koha Biblioitemnumber 15690
003 - KONTROL NUMARASI IDENTIFIER
Denetim Alanı MIRAKIL
005 - SON İŞLEM TARİHİ VE ZAMANI
Denetim Alanı 20240320161739.0
008 - SABİT-BOY VERİ ELEMANLARI - GENEL BİLGİLER
Sabit Uzunlukta Kontrol Alanı 240320b tu ||||| |||| 00| 0 tur d
020 ## - ULUSLARARASI STANDART KİTAP NUMARASI
Uluslararası Standart Kitap Numarası 9789751749031
040 ## - KATALOGLAMA KAYNAK
Orijinal Kataloglama Ajansı TR-AnCHP
Metne Dönüştürmek Ajansı TR-AnCHP
041 ## - DİL KODU
Metin / Ses Parça Veya Ayrı Başlığın Dil Kodu tur
082 ## - DEWEY ONLU SINIFLANDIRMA NUMARASI
Sınıflandırma Numarası 818.9932
Ürün Numarası E74 2021
245 10 - BAŞLIK TABLOSU
Başlık Eski Uygur Türkçesi dönemine ait tantrik bir metin :
Başlığın Kalan sitatapatradharani /
Sorumluluk Tablosu, Vb hazırlayan: Ayşe Kılıç Cengiz
260 ## - YAYIN, DAĞITIM, VB
Yayın, Dağıtım, Vb Yeri İstanbul :
Yayıncı, Dağıtıcı, Vs Adı Türk Dil Kurumu,
Yayın, Dağıtım, Vb Tarihi 2021
300 ## - FİZİKSEL TANIM
Kapsam 495 sayfa ;
Boyutlar 24 cm.
490 0# - SERİSİ TABLOSU
Seri Beyanı Atatürk Kültür, Dil ve Tarih Yüksek Kurumu Türk Dil Kurumu Yayınları ;
Hacim / Ardışık Tanımı 1421.
500 ## - GENEL NOT
Genel Not Eser, tıpkıbasım içerir<br/>
504 ## - KAYNAKÇA VB NOT
Kaynakça Vb Notu Kaynakça: 375-392. sayfa<br/>
650 #0 - KONU KATMA GİRİŞ - TOPİKAL DÖNEM
9 (RLIN) 7738
Topikal Süreli Veya Coğrafi Ad Giriş Elemanı Uygur edebiyatı
856 ## - ELEKTRONİK YER VE ERİŞİM
Kamu Notu Dijital Nüshası için Partimizin Kütüphane Sorumlusu ile iletişime geçiniz.
942 ## - EKLENDİ GİRİŞ ELEMANLARI (KOHA)
Sınıflandırma Veya Raf Düzeni Kaynak Dewey Decimal Classification
Koha Öğesi Türü Books
Holdings
Kalıcı Konum Mevcut Konum Edinme Tarihi Toplam Check-Out'Lar Tam Çağrı Numarası Barkod Tarih Son Görülme İtibaren Geçerli Fiyatlar Koha Öğesi Türü
CHP Kütüphanesi CHP Kütüphanesi 03/20/2024   818.9932 E74 2021 21609 03/20/2024 03/20/2024 Books